000 00500nam a2200169Ia 4500
008 090201s9999 xx 000 0 und d
010 _aKPL-49753
040 _bमराठी
041 _aमराठी
082 _a51377
_b49753
100 _aशशी भागवत
245 _aमर्मभेद
_cशशी भागवत
260 _c2007
_bज्ञानदा प्रकाशन
300 _a485
_bमध्यम
600 _aमर्मभेद
942 _cBOOK
999 _c247857
_d247857